[Event "Druzynowe Mistrzostwa Polski Juniorow - II Liga"]
[Site "Iwonicz"]
[Date "2016-07-31"]
[Round "10.19"]
[White "Klementowski, Dawid"]
[Black "Adamczewski, Maciej"]
[Result "0-1"]
[WhiteTitle "I"]
[BlackTitle "I++"]
[WhiteElo "2000"]
[BlackElo "1979"]

1. c4 e5 2. g3 Nf6 3. Bg2 d5 4. cxd5 Nxd5 5. Nc3 Nb6 6. e3 Nc6 7. Nge2 Be7 8. O-O
O-O 9. f4 exf4 10. Nxf4 Nb4 11. d4 c6 12. e4 Na6 13. b3 Nc7 14. Be3 Ne6 15. Qd2
Bb4 16. a3 Bxc3 17. Qxc3 Nxf4 18. Rxf4 Be6 19. Rd1 Rc8 20. a4 Qe7 21. a5 Na8 22.
b4 Rfd8 23. Qb2 Nc7 24. Rd2 Nb5 25. h4 Nd6 26. Bf1 Bc4 27. Qc2 Bxf1 28. Kxf1 Qe6
29. Kf2 Nc4 30. Rd3 Nxe3 31. Kxe3 Qh3 32. Qf2 Rd7 33. Rf5 Re8 34. Rd1 Qg4 35.
Qf3 Qg6 36. Qf4 Rde7 37. e5 Qe6 38. Rb1 Rd8 39. Qg4 Qc4 40. Qd1 g6 41. Rf4 Qc3+
42. Qd3 Rxe5+ 0-1

[Event "Druzynowe Mistrzostwa Polski Juniorow - II Liga"]
[Site "Iwonicz"]
[Date "2016-07-31"]
[Round "10.21"]
[White "Oles, Martin"]
[Black "Skurniak, Szymon"]
[Result "1/2-1/2"]
[WhiteTitle "II"]
[BlackTitle "I"]
[WhiteElo "1485"]
[BlackElo "1603"]

1. e4 c5 2. Nf3 e6 3. d4 cxd4 4. Nxd4 a6 5. Bd3 Qc7 6. O-O Nf6 7. Kh1 d6 8. f4
Nbd7 9. Nc3 Be7 10. f5 Nc5 11. h3 b5 12. a3 Bb7 13. Qe2 e5 14. Nf3 h5 15. Bg5
Ng4 16. Bxe7 Qxe7 17. Kg1 Nf6 18. Rad1 Bc6 19. Rfe1 Rd8 20. Kh1 Ng4 21. Kg1 Nf6
22. Kh1 Ng4 23. Kg1 Nf6 24. Kh1 Ng4 25. Kg1 Nf6 26. Kh1 1/2-1/2

[Event "Druzynowe Mistrzostwa Polski Juniorow - II Liga"]
[Site "Iwonicz"]
[Date "2016-07-31"]
[Round "10.22"]
[White "Ochedzan, Tymon"]
[Black "Marciniszyn, Maciej"]
[Result "1-0"]
[WhiteTitle "II+"]
[BlackTitle "II+"]
[WhiteElo "1636"]
[BlackElo "1523"]

1. e4 c5 2. Nf3 d6 3. d4 cxd4 4. Nxd4 Nf6 5. Nc3 g6 6. Be3 Bg7 7. f3 h5 8. Qd2
a6 9. O-O-O Nbd7 10. Qf2 b5 11. h3 Bb7 12. Rh2 Ne5 13. f4 Ned7 14. e5 Ne4 15.
Nxe4 dxe5 16. fxe5 Bxe5 17. Ng5 f6 18. Nge6 Qb6 19. Rh1 Bd5 20. Nf4 Bxf4 21. Bxf4
e5 22. Qe1 O-O-O 23. Ne2 Be4 24. Bd2 Qc6 25. Nc3 Bf5 26. a3 Nc5 27. Be3 Ne4 28.
Nxe4 Rxd1+ 29. Qxd1 Bxe4 30. Qd2 Rd8 31. Qc3 Rd6 32. Qxc6+ Rxc6 33. c3 Rd6 34.
Rg1 f5 35. Be2 f4 36. Bd2 Re6 37. Bd1 Bb7 38. Bc2 g5 39. Bf5 Kd7 40. Bxe6+ Kxe6
41. Kd1 e4 42. g3 e3 43. Bxe3 fxe3 44. Ke2 Ke5 45. Kxe3 Bc8 46. g4 hxg4 47. hxg4
Be6 48. Rg2 a5 49. Rg1 a4 50. Kf3 Bd5+ 51. Ke3 Be6 52. Rg2 Bc4 53. Rh2 Bb3 54.
Rh6 Bf7 55. Rb6 Be8 56. Rb8 Bd7 57. Rg8 Kf6 58. Kf3 Bc6+ 59. Ke3 Bd7 60. Rb8 Ke5
61. Rb6 Be8 62. Rh6 Bf7 63. Rh7 Bc4 64. Rh5 Kf6 65. Ke4 Be2 66. Rh6+ Kg7 67. Rb6
Bxg4 68. Rxb5 Kf6 69. Rb6+ Kf7 70. Ra6 Bd1 71. Kf5 g4 72. Kf4 Ke7 73. Rg6 Kf7
74. Rd6 Bb3 75. Kxg4 Ke7 76. Rb6 Bc2 77. Kf4 Kd7 78. Ke5 Kc7 79. Rh6 Bb3 80. Kd4
Bd1 81. Kc5 Bc2 82. Kb4 Bb3 83. Ka5 Bc2 84. Rh4 1-0

[Event "Druzynowe Mistrzostwa Polski Juniorow - II Liga"]
[Site "Iwonicz"]
[Date "2016-07-31"]
[Round "10.23"]
[White "Kucharska, Honorata"]
[Black "Wawrzyniak, Weronika"]
[Result "1-0"]
[WhiteTitle "k"]
[BlackTitle "I"]
[WhiteElo "1855"]
[BlackElo "1322"]

1. e4 c6 2. d4 d5 3. exd5 cxd5 4. c3 Nc6 5. Bd3 Nf6 6. h3 g6 7. Nf3 Bf5 8. O-O
Qc7 9. Re1 Bg7 10. Na3 a6 11. Nc2 O-O 12. Ne3 Bxd3 13. Qxd3 Rad8 14. Nf1 Ne4 15.
Ng5 Nxg5 16. Bxg5 f6 17. Bh4 Rd7 18. Re6 Nd8 19. Bg3 Qc8 20. Ree1 Re8 21. f4 Qc6
22. Nd2 Nf7 23. f5 g5 24. Re6 Nd6 25. Bxd6 Rxd6 26. Rae1 Rxe6 27. Rxe6 Qc7 28.
Nb3 a5 29. Qf3 Rd8 30. Nc5 b6 31. Na4 Rd6 32. Qe2 Kf8 33. Qa6 Kf7 34. Qe2 Bf8
35. b3 Qc6 36. Re3 Qd7 37. Qf3 e6 38. fxe6+ Rxe6 39. Qf5 Qd6 40. Qxh7+ Bg7 41.
Qd3 Rxe3 42. Qxe3 Bf8 43. Qf3 Be7 44. Nb2 Qe6 45. Nd3 Qe4 46. Ne5+ Kg7 47. Qxe4
dxe4 48. Nc4 Bd8 49. Nd6 e3 50. Nf5+ Kg6 51. Nxe3 f5 52. Kf2 f4 53. Nc4 Kf5 54.
Kf3 Bc7 55. a4 Bd8 56. g3 fxg3 57. Kxg3 Bc7+ 58. Kf3 Bd8 59. Ne3+ Ke6 60. Ke4
Kf6 61. Ng4+ Kg6 62. Ne5+ Kh5 63. Kf5 Kh4 64. Nf3+ Kh5 65. d5 Be7 66. Ke6 Bd8
67. d6 g4 68. hxg4+ Kxg4 69. Nd4 Kf4 70. Nc6 Bh4 71. Ne7 Ke4 72. d7 Bxe7 73. Kxe7
Kd3 74. d8=Q+ Kxc3 75. Qxb6 Kb2 76. Qxa5 Ka3 77. Qc3 Ka2 78. b4 Kb1 79. Qd2 Ka1
1-0

[Event "Druzynowe Mistrzostwa Polski Juniorow - II Liga"]
[Site "Iwonicz"]
[Date "2016-07-31"]
[Round "10.24"]
[White "Barwinska, Ewa"]
[Black "Cieslak, Jessica"]
[Result "1-0"]
[WhiteTitle "II+"]
[BlackTitle "II"]
[WhiteElo "1239"]
[BlackElo "1189"]

1. e4 c5 2. Nf3 d6 3. d4 cxd4 4. Nxd4 Nf6 5. Nc3 Nc6 6. Bg5 Qb6 7. Nb3 Ng4 8. Qd2
Bd7 9. f3 Nge5 10. O-O-O O-O-O 11. Nd5 f6 12. Nxb6+ axb6 13. Be3 b5 14. Bxb5 g5
15. Bb6 Re8 16. Kb1 h5 17. Qc3 Kb8 18. Na5 Rc8 19. Nxc6+ Nxc6 20. Qa3 Rc7 21.
Bxc6 bxc6 22. Bxc7+ Kxc7 23. Qa7+ Kd8 24. Rd3 e5 25. Rb3 Ke7 26. Rb7 Ke6 27. Rxd7
1-0

[Event "Druzynowe Mistrzostwa Polski Juniorow - II Liga"]
[Site "Iwonicz"]
[Date "2016-07-31"]
[Round "10.25"]
[White "Kus, Aleksander"]
[Black "Brozyna, Mateusz"]
[Result "1-0"]
[WhiteTitle "I"]
[BlackTitle "I"]
[WhiteElo "1818"]
[BlackElo "1831"]

1. e4 c5 2. Nf3 e6 3. d4 cxd4 4. Nxd4 Nf6 5. Nc3 Nc6 6. Ndb5 Bb4 7. Bf4 Nxe4 8.
Qf3 d5 9. Nc7+ Kf8 10. O-O-O Bxc3 11. bxc3 e5 12. Nxd5 Ng5 13. Bxg5 Qxg5+ 14.
Kb2 h5 15. h3 Bf5 16. g4 Bd7 17. Nc7 hxg4 18. hxg4 Bxg4 19. Rxh8+ Ke7 20. Qd5
Bxd1 21. Rxa8 Qg4 22. Ne8 Qd7 23. Qxd7+ Kxd7 24. Nxg7 a6 25. Rh8 1-0

[Event "Druzynowe Mistrzostwa Polski Juniorow - II Liga"]
[Site "Iwonicz"]
[Date "2016-07-31"]
[Round "10.26"]
[White "Piwowarczyk, Arkadiusz"]
[Black "Poltorak, Sebastian"]
[Result "0-1"]
[WhiteTitle "II"]
[BlackTitle "I"]
[WhiteElo "1568"]
[BlackElo "1707"]

1. Nf3 Nf6 2. d4 e6 3. Bg5 h6 4. Bh4 d6 5. h3 Nbd7 6. e3 b6 7. c4 g5 8. Bg3 Bb7
9. Nc3 Bg7 10. Be2 Qe7 11. Nb5 Qd8 12. O-O O-O 13. Rb1 Ne4 14. Bh2 a6 15. Nc3
f5 16. Nxe4 Bxe4 17. Rc1 Qe7 18. Nd2 Bb7 19. Bf3 Bxf3 20. Nxf3 Nf6 21. Nd2 Rad8
22. Qb3 Kh8 23. Rfd1 h5 24. c5 bxc5 25. dxc5 dxc5 26. Qb7 Rb8 27. Qxa6 Nd5 28.
b3 Ra8 29. Qc4 Rxa2 30. Qxc5 Qxc5 31. Rxc5 Nc3 32. Re1 Rxd2 33. Rxc7 Nd5 34. Rb7
Rc8 35. Bb8 Rcc2 36. Rf1 Bf6 37. b4 Rc6 38. b5 Rb6 39. Rxb6 Nxb6 40. Rb1 Rd7 41.
Rc1 Rb7 42. Bd6 Be7 43. Be5+ Kg8 44. Rc6 Kf7 45. Bd4 Nd5 46. Rc8 Bf6 47. Bxf6
Nxf6 48. Rc4 Rxb5 49. g4 hxg4 50. hxg4 Nxg4 51. Kg2 Rb2 52. Rc7+ Kg6 53. Kg3 Rxf2
54. Rc6 Kf6 55. Ra6 Re2 56. e4 Re3+ 57. Kg2 Rxe4 0-1

[Event "Druzynowe Mistrzostwa Polski Juniorow - II Liga"]
[Site "Iwonicz"]
[Date "2016-07-31"]
[Round "10.27"]
[White "Ullrich, Karol"]
[Black "Suder, Jakub"]
[Result "0-1"]
[WhiteTitle "II"]
[BlackTitle "I"]
[WhiteElo "1211"]
[BlackElo "1751"]

1. e4 e6 2. d4 d5 3. Nd2 Nf6 4. e5 Nfd7 5. Ngf3 c5 6. c3 Nc6 7. Be2 Qb6 8. Nb3
cxd4 9. cxd4 f6 10. exf6 Nxf6 11. O-O Bd6 12. Bg5 O-O 13. Re1 Bd7 14. Qc2 Rac8
15. Qd3 Nb4 16. Qd1 Nc2 17. Rc1 Nxe1 18. Qxe1 Bb4 19. Qd1 Ne4 20. Be3 Bb5 21.
Bxb5 Qxb5 22. Nfd2 Bxd2 23. Nxd2 Qxb2 24. Nxe4 dxe4 25. Rb1 Qxa2 26. Rxb7 Rb8
27. Rc7 Rb1 28. Rc1 Rxc1 29. Qxc1 Rb8 30. Qc6 Qa1+ 31. Bc1 Qxd4 32. Qxe6+ Kh8
33. Qc6 Qd3 0-1

[Event "Druzynowe Mistrzostwa Polski Juniorow - II Liga"]
[Site "Iwonicz"]
[Date "2016-07-31"]
[Round "10.28"]
[White "Piwowarczyk, Bartlomiej"]
[Black "Ullrich, Agata"]
[Result "1-0"]
[WhiteTitle "II+"]
[BlackTitle "II"]
[WhiteElo "1425"]
[BlackElo "1196"]

1. e4 e5 2. Nf3 Nc6 3. Bb5 a6 4. Ba4 Bc5 5. d3 Nf6 6. O-O b5 7. Bb3 h6 8. c3 O-O
9. h3 d6 10. Re1 Be6 11. d4 Bxb3 12. axb3 Bb6 13. Qd3 Qd7 14. Be3 Rfe8 15. d5
Bxe3 16. Qxe3 Ne7 17. Nh4 Nh7 18. Qd3 a5 19. Nd2 c6 20. c4 b4 21. Rec1 c5 22.
Nf1 Ra6 23. Ng3 Kh8 24. Nhf5 Nf6 25. Qf3 Kh7 26. Nh5 Nxh5 27. Nxe7 Qxe7 28. Qxh5
g6 29. Qg4 Rd8 30. Rd1 Qd7 31. Qh4 Rf8 32. Rd3 Qd8 33. Qg3 Qg5 34. Qxg5 hxg5 35.
Rg3 Kh6 36. Kf1 f6 37. Ke2 Rf7 38. Rh1 Kh5 39. f3 Ra8 40. h4 gxh4 41. Rgh3 g5
42. g3 Rg7 43. gxh4 gxh4 44. Rxh4+ Kg6 45. Rg4+ Kf7 46. Rh5 Rag8 47. Rxg7+ Rxg7
48. Kf2 Rg5 49. Rh7+ Rg7 50. Rh1 Kg8 51. Ra1 Ra7 52. Kg3 Kg7 53. Kg4 Kg6 54. f4
Ra8 55. f5+ Kf7 56. Rh1 Kg7 57. Rg1 Rg8 58. Kh5+ Kf7 59. Rxg8 Kxg8 60. Kg6 Kf8
61. Kxf6 Ke8 62. Ke6 Kf8 63. Kxd6 Kf7 64. Kxe5 Ke7 65. f6+ Kf7 1-0

[Event "Druzynowe Mistrzostwa Polski Juniorow - II Liga"]
[Site "Iwonicz"]
[Date "2016-07-31"]
[Round "10.29"]
[White "Andrzejewska, Maja"]
[Black "Kasperek, Kinga"]
[Result "0-1"]
[WhiteTitle "II"]
[BlackTitle "I"]
[WhiteElo "1298"]
[BlackElo "1585"]

1. e4 c5 2. Nf3 Nc6 3. d4 cxd4 4. Nxd4 g6 5. Be3 Bg7 6. Nc3 Nf6 7. Be2 O-O 8. O-O
d5 9. exd5 Nxd5 10. Nxc6 bxc6 11. Nxd5 Qxd5 12. c3 Bf5 13. Bf3 Be4 14. Bxe4 Qxe4
15. Re1 Rfd8 16. Qc1 Qf5 17. Bh6 e6 18. Bxg7 Kxg7 19. Qe3 Rd3 20. Qe5+ Qxe5 21.
Rxe5 Rd2 22. b3 Rad8 23. Kf1 Rc2 24. Re2 Rxc3 25. Ke1 Rd5 26. Rd1 Kf6 27. Rxd5
cxd5 28. Kd2 Rc5 29. b4 Rc4 30. a3 e5 31. Re1 Ke6 32. Rb1 d4 33. f3 f5 34. b5
Kd5 35. b6 axb6 36. Rxb6 Ra4 37. Rb5+ Kd6 38. Rb3 e4 39. fxe4 fxe4 40. g4 Kc5
41. Rh3 e3+ 42. Ke2 Rxa3 43. Rxh7 Ra2+ 44. Ke1 d3 45. Kf1 Ra1+ 46. Kg2 d2 47.
Rd7 d1=Q 48. Rxd1 Rxd1 49. Kf3 Kd4 50. h4 Rf1+ 51. Ke2 Rf4 52. h5 Rxg4 53. hxg6
Rxg6 54. Ke1 Kd3 55. Kf1 Rg3 56. Ke1 Rg1# 0-1

[Event "Druzynowe Mistrzostwa Polski Juniorow - II Liga"]
[Site "Iwonicz"]
[Date "2016-07-31"]
[Round "10.30"]
[White "Laszczuk, Zuzanna"]
[Black "Roszkiewicz, Anna"]
[Result "0-1"]
[WhiteTitle "I"]
[BlackTitle "I"]
[WhiteElo "1043"]
[BlackElo "1445"]

1. e4 c5 2. d3 d6 3. g3 Nc6 4. Bg2 g6 5. f4 Bg7 6. Nf3 e6 7. c3 Nf6 8. O-O b5 9.
h3 Bb7 10. Be3 a6 11. Nbd2 O-O 12. g4 Qc7 13. Qe1 Rfe8 14. Qg3 Rad8 15. f5 exf5
16. gxf5 Qe7 17. Nh4 Ne5 18. fxg6 fxg6 19. Bg5 Nh5 20. Bxe7 Nxg3 21. Bxd8 Nxf1
22. Rxf1 Rxd8 23. d4 cxd4 24. cxd4 Nd3 25. Nhf3 Nxb2 26. Rb1 Nd3 27. a4 Bc6 28.
axb5 Bxb5 29. Bf1 Rc8 30. Kh2 Rc3 31. Be2 Bh6 32. Nf1 Rc2 33. Ng1 Nc1 34. Ng3
Nxe2 35. N3xe2 Bxe2 36. Nxe2 Rxe2+ 37. Kh1 Rxe4 38. Rb6 Rxd4 39. Rxa6 Rd3 40.
Kg2 Bf4 41. h4 h5 42. Ra8+ Kf7 43. Ra7+ Ke6 44. Rg7 Rg3+ 45. Kf2 d5 46. Rb7 Ke5
47. Rb5 Rh3 48. Kg2 Rxh4 49. Kf2 Rh3 50. Ra5 g5 51. Kg2 Rg3+ 52. Kf2 h4 53. Rb5
h3 54. Rb1 h2 55. Rh1 Rg1 56. Rxg1 hxg1=Q+ 57. Kxg1 d4 58. Kf2 d3 59. Ke1 g4 60.
Kd1 g3 0-1

[Event "Druzynowe Mistrzostwa Polski Juniorow - II Liga"]
[Site "Iwonicz"]
[Date "2016-07-31"]
[Round "10.31"]
[White "Krawiec, Grzegorz"]
[Black "Golenia, Wojciech"]
[Result "1-0"]
[WhiteTitle "I"]
[BlackTitle "I+"]
[WhiteElo "1791"]
[BlackElo "1967"]

1. e4 e5 2. Nf3 Nf6 3. Nc3 Bb4 4. Nxe5 O-O 5. Be2 Re8 6. Nd3 Bxc3 7. dxc3 Nxe4
8. Nf4 d6 9. O-O Nc6 10. a4 Bf5 11. c4 h6 12. Ra3 Ne5 13. Re3 Qd7 14. b3 Nf6 15.
h3 a6 16. Bb2 Re7 17. Re1 Rae8 18. Nd5 Nxd5 19. cxd5 Ng6 20. Bd3 f6 21. Rxe7 Rxe7
22. Rxe7 Nxe7 23. c4 Ng6 24. Qf3 Bxd3 25. Qxd3 Kf7 26. Qe4 Nf8 27. h4 Qe7 28.
Qxe7+ Kxe7 29. Kf1 Nd7 30. Bd4 g5 31. h5 Nc5 32. Bxc5 dxc5 33. a5 Kd6 34. Ke2
Ke5 35. Ke3 f5 36. g3 f4+ 37. gxf4+ gxf4+ 38. Kd3 Kf5 39. f3 Ke5 40. Kc3 c6 41.
dxc6 bxc6 42. Kd3 Kf5 43. Kc3 Kg5 44. b4 cxb4+ 45. Kxb4 Kxh5 46. Kc5 Kg6 47. Kxc6
h5 48. c5 h4 49. Kd7 h3 50. c6 h2 51. c7 h1=Q 52. c8=Q Qd1+ 53. Kc7 Qd3 54. Qe6+
Kg5 55. Qg4+ Kf6 56. Qxf4+ Kg7 57. Qg4+ Kf7 58. Qd7+ Qxd7+ 59. Kxd7 Kf6 60. Kc6
Kf5 61. Kb6 Kf4 62. Kxa6 Kxf3 63. Kb7 Kg2 64. a6 Kh1 65. a7 Kg1 66. a8=Q Kh1 67.
Qg8 Kh2 68. Kc6 Kh1 69. Kd5 Kh2 70. Ke4 Kh3 71. Kf3 Kh2 72. Qg2# 1-0

[Event "Druzynowe Mistrzostwa Polski Juniorow - II Liga"]
[Site "Iwonicz"]
[Date "2016-07-31"]
[Round "10.32"]
[White "Golenia, Jan"]
[Black "Karykowska, Anna"]
[Result "0-1"]
[WhiteTitle "I"]
[BlackTitle "I++"]
[WhiteElo "1860"]
[BlackElo "1818"]

1. d4 Nf6 2. c4 e6 3. Nf3 Bb4+ 4. Bd2 a5 5. Nc3 d6 6. e3 Nbd7 7. Bd3 O-O 8. a3
Bxc3 9. Bxc3 Qe7 10. O-O e5 11. Nd2 Nb6 12. b3 e4 13. Be2 Ne8 14. f3 exf3 15.
Rxf3 Bg4 16. Rg3 Bxe2 17. Qxe2 d5 18. Qf3 Qf6 19. Qh5 g6 20. c5 Ng7 21. Qh3 Nc8
22. Qd7 Qd8 23. Qb5 b6 24. e4 Ne7 25. Re1 dxe4 26. Nxe4 Nd5 27. Bb2 Re8 28. cxb6
f5 29. bxc7 Nxc7 30. Qc4+ Kh8 31. Rc1 Rxe4 32. Qxc7 Qxc7 33. Rxc7 Re1+ 34. Kf2
Rae8 35. Rc2 Nh5 36. Rf3 Kg8 37. Rd2 Nf6 38. d5 Nxd5 39. Rxd5 R8e2+ 40. Kg3 Rxb2
41. Rxa5 Ree2 42. h3 Rxg2+ 43. Kf4 Rbe2 44. Re5 Rb2 45. Ree3 Kf7 46. Ke5 Rbd2
47. Rd3 Rge2+ 48. Kd5 Rc2 49. Rc3 Rxc3 50. Rxc3 f4 51. Rf3 g5 52. Kd4 Kf6 53.
b4 Kf5 54. Rb3 g4 55. hxg4+ Kxg4 56. b5 f3 57. b6 f2 58. b7 f1=Q 59. b8=Q Rd2+
60. Kc5 Qc1+ 61. Kb6 Qg1+ 62. Ka6 Qf1+ 63. Ka5 Rd5+ 64. Ka4 Qa6+ 65. Kb4 Qa5+
66. Kc4 Qc5# 0-1

[Event "Druzynowe Mistrzostwa Polski Juniorow - II Liga"]
[Site "Iwonicz"]
[Date "2016-07-31"]
[Round "10.33"]
[White "Fiedorek, Michal"]
[Black "Gawor, Jan Pawel"]
[Result "1/2-1/2"]
[WhiteTitle "I"]
[BlackTitle "II"]
[WhiteElo "1756"]
[BlackElo "1647"]

1. e4 c5 2. Nf3 Nc6 3. d4 cxd4 4. Nxd4 Nf6 5. Nc3 e5 6. Ndb5 d6 7. Bg5 a6 8. Na3
b5 9. Nd5 Be7 10. Bxf6 Bxf6 11. c4 b4 12. Nc2 O-O 13. Qf3 Bg5 14. h4 Be7 15. b3
a5 16. Rd1 f5 17. Nxe7+ Nxe7 18. Qd3 Rf6 19. Ne3 f4 20. Nd5 Re6 21. c5 Ba6 22.
Nxe7+ Rxe7 23. Qd5+ Kh8 24. cxd6 Rd7 25. Bc4 Qe8 26. O-O Bb7 27. Qd3 Qg6 28. h5
Qxh5 29. Be6 Rdd8 30. d7 Qh6 31. Qh3 Qxh3 32. Bxh3 Ra7 33. Rd6 Kg8 34. Rfd1 Kf7
35. Be6+ Ke7 36. Bf5 g6 37. Bh3 Bxe4 38. Re6+ Kf7 39. Rxe5 Bc6 40. Rc5 Bxd7 41.
Rcd5 Ke7 42. Re5+ Kf7 43. Red5 Ke7 1/2-1/2

[Event "Druzynowe Mistrzostwa Polski Juniorow - II Liga"]
[Site "Iwonicz"]
[Date "2016-07-31"]
[Round "10.34"]
[White "Krawczyk, Wojciech"]
[Black "Lewandowski, Wiktor"]
[Result "1-0"]
[WhiteTitle "II+"]
[BlackTitle "II"]
[WhiteElo "1476"]
[BlackElo "1406"]

1. d4 d5 2. c4 c6 3. Nc3 Nf6 4. cxd5 cxd5 5. Bf4 e6 6. Rc1 Nc6 7. e3 a6 8. a3 Bd6
9. Bg3 O-O 10. Nf3 Bb8 11. Be2 Nd7 12. O-O f5 13. Bxb8 Rxb8 14. Na4 Nf6 15. Bxa6
Nxd4 16. Qxd4 bxa6 17. Ne5 Qe8 18. Rc2 Qb5 19. Rfc1 Bb7 20. Rc5 Qe2 21. Rc7 Rfc8
22. Qb6 Rxc7 23. Qxc7 Rf8 24. Qxb7 Ne4 25. Qc6 Qxf2+ 26. Kh1 Ng5 27. Nd7 Rd8 28.
Qc7 Nf7 29. Ne5 Rf8 30. Nxf7 Rxf7 31. Qc8+ Rf8 32. Qxe6+ Kh8 33. h3 f4 34. Qf5
Re8 35. Qxf4 Qd2 36. Rf1 h6 37. Qd4 Qe2 38. Rf7 Rg8 39. Qxd5 Qxe3 40. Rf3 Qc1+
41. Kh2 Qc7+ 42. Rg3 Rd8 43. Qf5 Qc6 44. Nc3 Qb7 45. Qg6 Qc7 46. Ne2 Rd2 47. Nf4
Rxb2 48. Ne6 1-0

[Event "Druzynowe Mistrzostwa Polski Juniorow - II Liga"]
[Site "Iwonicz"]
[Date "2016-07-31"]
[Round "10.35"]
[White "Maciak, Gabriela"]
[Black "Debowska, Michalina"]
[Result "0-1"]
[WhiteTitle "I"]
[BlackTitle "II+"]
[WhiteElo "1492"]
[BlackElo "1432"]

1. e4 c5 2. Nf3 Nc6 3. c4 g6 4. d4 cxd4 5. Nxd4 Bg7 6. Be3 d6 7. Nc3 Nf6 8. Be2
O-O 9. O-O a6 10. a3 Bd7 11. Qd2 Rc8 12. f3 Re8 13. b4 Nxd4 14. Bxd4 Be6 15. Nd5
Nxd5 16. exd5 Bxd4+ 17. Qxd4 Bd7 18. Rfd1 a5 19. c5 Qc7 20. Rac1 a4 21. c6 bxc6
22. dxc6 Be6 23. b5 Bb3 24. b6 Qb8 25. Rd2 e5 26. Qxd6 Qxb6+ 27. Kh1 Re6 28. Qd7
Rexc6 29. Rxc6 Qxc6 30. Qd3 Qc1+ 31. Bd1 Qxa3 32. Qd7 Qc5 33. h3 Bxd1 34. Rxd1
a3 35. Qa4 Qc2 36. Qd7 a2 37. Kh2 Ra8 38. Ra1 Qb2 39. Qd1 Rc8 40. Qd7 Rc2 41.
Qd8+ Kg7 42. Qd5 Rxg2+ 43. Kh1 Rh2+ 44. Kg1 Qg2# 45. Qe6 0-1

[Event "Druzynowe Mistrzostwa Polski Juniorow - II Liga"]
[Site "Iwonicz"]
[Date "2016-07-31"]
[Round "10.36"]
[White "Budkiewicz, Magdalena"]
[Black "Lascar, Maria Elena"]
[Result "1/2-1/2"]
[WhiteTitle "I"]
[BlackTitle "I+"]
[WhiteElo "1651"]
[BlackElo "1475"]

1. e4 c5 2. Nf3 a6 3. d4 cxd4 4. Nxd4 Nf6 5. Nc3 e5 6. Nb3 Bb4 7. Bd3 d5 8. exd5
Bxc3+ 9. bxc3 Qxd5 10. O-O O-O 11. Bb2 e4 12. c4 Qf5 13. Be2 Qg6 14. Kh1 Nc6 15.
Qd6 Rd8 16. Qg3 Qxg3 17. hxg3 Bf5 18. Rad1 Bg6 19. Rxd8+ Rxd8 20. Rd1 Rxd1+ 21.
Bxd1 Nd7 22. Kg1 Nb6 23. Be2 Nb4 24. Nc5 Nxc2 25. Nxb7 Nb4 26. Bd4 Nd7 27. c5
Nc6 28. Bc3 a5 29. Bb5 Ndb8 30. Bxc6 Nxc6 31. Nxa5 Nxa5 32. Bxa5 Bf5 33. Kf1 Be6
34. a3 Kf8 35. Ke2 Ke7 36. Ke3 Bd5 37. Bc3 f6 38. Kf4 Ke6 39. g4 g6 40. f3 exf3
41. gxf3 Bc6 42. Ke3 Bb5 43. f4 f5 44. Bb4 1/2-1/2

[Event "Druzynowe Mistrzostwa Polski Juniorow - II Liga"]
[Site "Iwonicz"]
[Date "2016-07-31"]
[Round "10.37"]
[White "Czerniawski, Krzysztof"]
[Black "Pyka, Slawomir"]
[Result "1-0"]
[WhiteTitle "I"]
[BlackTitle "I"]
[WhiteElo "1904"]
[BlackElo "1620"]

1. f4 d5 2. Nf3 Nf6 3. e3 Bg4 4. Be2 e6 5. b3 Nbd7 6. Bb2 Bxf3 7. Bxf3 Bd6 8. Nc3
c6 9. O-O Qc7 10. Ne2 h6 11. d4 g5 12. g3 gxf4 13. exf4 O-O-O 14. c4 Rdg8 15.
Bc1 h5 16. c5 Bf8 17. Qd3 Ng4 18. h3 Ngf6 19. b4 h4 20. g4 Nh5 21. Kh1 Nhf6 22.
Rb1 Ne8 23. b5 f6 24. bxc6 Qxc6 25. Qb3 Nc7 26. Nc3 b6 27. f5 bxc5 28. fxe6 Nb6
29. dxc5 Bxc5 30. Bf4 Bd6 31. Bxd6 Qxd6 32. Nb5 Nxb5 33. Qxb5 Rh7 34. Rfc1+ Rc7
35. Rxc7+ Kxc7 36. a4 Qa3 37. Bg2 Qxa4 38. Rc1+ Kd8 39. Qc5 Qf4 40. Bxd5 Qxc1+
41. Qxc1 Nxd5 42. Qd2 Rg5 43. Qc2 Ke7 44. Qc6 Nb6 45. Qb7+ Kxe6 46. Qxa7 Nd7 47.
Qf2 Rc5 48. Qxh4 Rc1+ 49. Kg2 Rc2+ 50. Kf1 Ne5 51. Qh7 Rc1+ 52. Kg2 Rc4 53. Qf5+
Ke7 54. g5 Nd7 55. Qh7+ 1-0

[Event "Druzynowe Mistrzostwa Polski Juniorow - II Liga"]
[Site "Iwonicz"]
[Date "2016-07-31"]
[Round "10.39"]
[White "Maciak, Jakub"]
[Black "Gozdzicki, Maciej"]
[Result "1-0"]
[WhiteTitle "II"]
[BlackTitle "II"]
[WhiteElo "1582"]
[BlackElo "1514"]

1. e4 c5 2. Nf3 e6 3. d3 Nc6 4. c3 d6 5. g3 Nf6 6. Bg2 Be7 7. O-O O-O 8. Re1 Rb8
9. Nbd2 b5 10. Qc2 b4 11. Nc4 d5 12. Nce5 Nxe5 13. Nxe5 Qc7 14. exd5 exd5 15.
c4 Bd6 16. cxd5 Bxe5 17. Rxe5 Qxe5 18. Bf4 Qh5 19. Bxb8 Bh3 20. Bxa7 Bxg2 21.
Kxg2 Qxd5+ 22. Kg1 Nd7 23. Qa4 Ra8 24. Re1 Ne5 25. Re3 g6 26. Qb5 Nd7 27. Qa6
Kg7 28. Re7 Kf8 29. Rxd7 Qxd7 30. Bxc5+ Kg7 31. Qxa8 Qxd3 32. Bf8+ Kf6 33. Qc6+
Kf5 34. Qc5+ Kg4 35. Qxb4+ Kf5 36. Qf4+ Ke6 37. Qe3+ 1-0

[Event "Druzynowe Mistrzostwa Polski Juniorow - II Liga"]
[Site "Iwonicz"]
[Date "2016-07-31"]
[Round "10.41"]
[White "Wilant, Marta"]
[Black "Krzywnicka, Maria"]
[Result "0-1"]
[WhiteTitle "II"]
[BlackTitle "I+"]
[WhiteElo "1306"]
[BlackElo "1685"]

1. d4 Nf6 2. c4 c5 3. e3 e6 4. Nf3 Qc7 5. Nc3 a6 6. Bd3 Be7 7. O-O O-O 8. Qc2 d6
9. b3 Nc6 10. a3 Bd7 11. dxc5 dxc5 12. Bb2 h6 13. Qe2 Ng4 14. h3 Nge5 15. Nxe5
Nxe5 16. Bc2 f5 17. f4 Ng6 18. g3 Bf6 19. Bd1 Bc6 20. Nb1 Bxb2 21. Qxb2 b5 22.
cxb5 axb5 23. a4 bxa4 24. bxa4 Rfb8 25. Qa3 Qa5 26. Nc3 Rd8 27. Be2 Rd2 0-1

[Event "Druzynowe Mistrzostwa Polski Juniorow - II Liga"]
[Site "Iwonicz"]
[Date "2016-07-31"]
[Round "10.42"]
[White "Partyka, Justyna"]
[Black "Raczykowska, Paulina"]
[Result "0-1"]
[WhiteTitle "II"]
[BlackTitle "I+"]
[WhiteElo "1150"]
[BlackElo "1679"]

1. d4 d5 2. c4 e6 3. Nf3 Nf6 4. Bg5 Nbd7 5. e3 c6 6. Nc3 Qa5 7. Bd3 Ne4 8. Qa4
Qxa4 9. Nxa4 Nxg5 10. Nxg5 h6 11. Nf3 dxc4 12. Bxc4 b5 13. Bxb5 cxb5 14. Nc3 a6
15. O-O Bb7 16. Nd2 Bb4 17. Rac1 Rc8 18. Nde4 Ke7 19. Rc2 Bxe4 20. Rcc1 Bxc3 21.
Rxc3 Rxc3 22. bxc3 Rc8 23. f3 Bd3 24. Rc1 b4 25. Re1 Rxc3 0-1

[Event "Druzynowe Mistrzostwa Polski Juniorow - II Liga"]
[Site "Iwonicz"]
[Date "2016-07-31"]
[Round "10.43"]
[White "Klepek, Witold"]
[Black "Binkowski, Tomasz"]
[Result "1-0"]
[WhiteTitle "k"]
[BlackTitle "III"]
[WhiteElo "2139"]
[BlackElo "1438"]

1. e4 e6 2. d4 d5 3. Nd2 Nf6 4. e5 Nfd7 5. Bd3 c5 6. c3 Nc6 7. Ne2 Qb6 8. Nf3 cxd4
9. cxd4 Bb4+ 10. Bd2 f6 11. exf6 Nxf6 12. O-O Bxd2 13. Qxd2 O-O 14. Rac1 Qc7 15.
Ne5 Qb6 16. Nxc6 bxc6 17. b3 Ba6 18. Nc3 Bxd3 19. Qxd3 Qc7 20. f4 Rf7 21. g3 c5
22. Nb5 Qa5 23. dxc5 Ne4 24. c6 Rc8 25. Nd4 Qxa2 26. Nxe6 Qd2 27. Qxd2 Nxd2 28.
Rfd1 Nxb3 29. Rc3 Re7 30. f5 Na5 31. Rxd5 Rxc6 32. Rd8+ Kf7 33. Rd6 1-0

[Event "Druzynowe Mistrzostwa Polski Juniorow - II Liga"]
[Site "Iwonicz"]
[Date "2016-07-31"]
[Round "10.44"]
[White "Pasieka, Marcin"]
[Black "Piela, Dominik"]
[Result "1/2-1/2"]
[WhiteTitle "I"]
[BlackTitle "I"]
[WhiteElo "1768"]
[BlackElo "1656"]

1. e4 e5 2. Nf3 Nc6 3. Bc4 Nf6 4. Ng5 d5 5. exd5 Na5 6. Bb5+ c6 7. dxc6 bxc6 8.
Be2 h6 9. Nf3 e4 10. Ne5 Bd6 11. d4 exd3 12. Nxd3 Qc7 13. h3 O-O 14. Nc3 Bf5 15.
O-O Rad8 16. b3 c5 17. Nb5 Bh2+ 18. Kh1 Qb8 19. a4 Be5 20. Rb1 Ne4 21. Qe1 Nc6
22. Nxe5 Qxe5 23. Bb2 Qf4 24. Rd1 Nb4 25. Bd3 Qh4 26. Bxe4 Bxe4 27. Qc3 Qg5 28.
Qg3 Bxc2 29. Rxd8 Rxd8 30. Qc7 Be4 31. f3 Rd2 32. Rg1 Bf5 33. Bc1 Nd3 34. Bxd2
Nf2+ 35. Kh2 Qxd2 36. Qe5 Bxh3 37. Qg3 h5 38. gxh3 Ng4+ 39. Kh1 Nf2+ 40. Kh2 Ng4+
41. Kh1 Nf2+ 42. Kh2 Ng4+ 43. Kh1 Nf2+ 1/2-1/2